000 00908nam a2200277Ia 4500
001 Para_1011
003 CHAP
008 220125s1984 xx 000 0 und d
010 _a198879
040 _cCHAP
090 _aPA TESIS 977
100 _aGalvan Mendieta, Erasmo Joel
_944524
245 _aEfecto de los cultivos y herbicidas en la producción de maíz de temporal Atolinga, Zacatecas /
_c por Erasmo Joel Galvan Mendieta
260 _aChapingo, Méx. :
_b El autor
300 _a61 h.
502 _aTesis (Ing. Agr. Esp. en Parasitología Agrícola) -- UACh. Depto. Parasitología
650 _aMaíz
_x investigación
_970984
710 _aUACh. Departamento Parasitología Agrícola
_9164025
901 _aPA TESIS 977
902 _aA
905 _a0000001984 0000000000 00
910 _a1984
942 _cPARA
942 _cPARA
_d1
999 _c198879
_d198879